00429nam a2200109Ia 4500008004100000050002300041100002800064245008600092260008600178300002800264521002700292140724s9999 xx 000 0 und d aTS 155b.M668 2013 aMiñoza, Andrea Mae O. aDelivery system for intevolve express services courier /cAndrea Mae O. Miñoza. aLas Piñas, Philippines :bSouthville International School and Colleges,cc2013. a63 p. :bill. ;c28 cm. aInformation Technology